00433nam a2200181Ia 4500008004100000020001800041050001600059100002000075245002900095245002300124260001500147260001600162260000900178300001600187300002000203300001000223300001800233170918s9999 xx 000 0 und d a9780545603782 bS381li 2014 aSchroeder, Lisa aLibby's sweet surprise / cby Lisa Schroeder. aNew York : bScholastic, c2014 a178 pages : billustrations ; c19cm. eCharmed life.